| 000 | 00624 a2200253 4500 | ||
|---|---|---|---|
| 260 | _aParis | ||
| 630 | _a658 - Gestion commerciale | ||
| 037 | _b1, Achat | ||
| 650 | _a6 - SCIENCES APPLIQUEES | ||
| 100 | _aAlazard, Claude | ||
| 700 | _aSépari, Sabine | ||
| 260 | _bDunod | ||
| 245 | _aContrôle de gestion : DECF (épreuve n°7) Enseignement supérieur, Formation continue : corrigés | ||
| 300 | _a268 p. | ||
| 650 | _aGestion : contrôle | ||
| 260 | _c1993 | ||
| 300 | _b24cm | ||
| 100 | _lFr | ||
| 440 | _aGestion Sup | ||
| 037 | _aDE 6470 | ||
| 020 | _a2-10-001081-6 | ||
| 999 |
_c42069 _d42069 |
||